| 000 | 01005nas a2200325 4500 | ||
|---|---|---|---|
| 001 | BR2019001097 | ||
| 003 | BR-BrBNA | ||
| 005 | 20231205131706.0 | ||
| 007 | ta | ||
| 008 | 230509b bl.|||p| |||| 00| 00por d | ||
| 040 |
_aBR-BrBNA _bpor _cBiblioteca Nacional de Agricultura |
||
| 041 | _a(En) | ||
| 072 | _aH10; H60 | ||
| 100 | 1 | _aLopes, F.S.C. | |
| 100 | 1 | _aOliveira, J.V. de | |
| 100 | 1 | _aOliveira, J.E. de M. | |
| 100 | 1 | _aOliveira, M.D. de | |
| 100 | 1 | _aSouza, A.M. de | |
| 245 | 1 | _aHost plants for mealybugs (Hemiptera: Pseudococcidae)in grapevine crops | |
| 650 | _aUVA | ||
| 650 | _aPLANTA HOSPEDEIRA | ||
| 650 | _aERVA DANINHA | ||
| 650 | _aCOCHONILHA | ||
| 650 | _aPRAGA DE PLANTA | ||
| 650 | _aCONTROLE INTEGRADO | ||
| 773 | 0 |
_tPesquisa Agropecuária Tropical (Brazil) _xISSN 1983-4063 _g(2019), v. 49 p. 1-8 _wBR2019001097 |
|
| 856 | 4 | 0 | _uhttp://www.scielo.br/pdf/pat/v49/1983-4063-pat-49-e54421.pdf |
| 909 |
_a202311 _bLúcia _c55 _dLúcia Elande |
||
| 942 |
_2AGRIS _n0 _cANA |
||
| 999 |
_c256152 _d256152 |
||